000 00547nam a2200169 i 4500
001 42643
003 ES-MaACL
005 20230906160643.0
007 t|
008 030313s1959 sp ||||1| spa d
100 1 _aCeram, C. W.
_937441
245 1 0 _aEn busca del pasado
_b: (historia gráfica de la Arqueología) /
_cC. W. Ceram ; [traducción de Juan Godo Costa].
260 _aBarcelona, etc. :
_bLabor,
_c[1959]
300 _a364 p., 16 lám. :
_bil. ;
_c24 cm.
700 1 _aGodo Costa, Juan.
_957532
852 _aES-MaACL
_jC-16540
_bR.45049
999 _c42643
_d42643